| 000 | 00429nam a2200169 a 4500 | ||
|---|---|---|---|
| 001 | 0000-9366 | ||
| 003 | ELIB.Books | ||
| 008 | 110520 1961 | ||
| 035 | _a(ELIB.Books)0000-9518 | ||
| 082 |
_aB _bKya |
||
| 100 | _aKyaw Nyein, U | ||
| 245 | _aWho's Who in Burma | ||
| 260 |
_bRangoon: People's Committee and House _c1961 |
||
| 650 | _aBiography-Myanmar | ||
| 942 |
_2ddc _cBK |
||
| 998 |
_cbat _e2011-05-20 |
||
| 999 |
_c9366 _d9366 |
||